Normal view
MARC view
- الصحوة الاسلامية- الدعوة الاسلامية- الوعظ والارشاد- الاسلام- حركات الإحياء والإصلاح والتجديد
Entry Topical Term
001 - CONTROL NUMBER
- control field: 10427
003 - CONTROL NUMBER IDENTIFIER
- control field: JO-AjAnu
005 - DATE AND TIME OF LATEST TRANSACTION
- control field: 20230606071956.0
008 - FIXED-LENGTH DATA ELEMENTS
- fixed length control field: 230606|| aca||aabn | a|a d
040 ## - CATALOGING SOURCE
- Original cataloging agency: JO-AjAnu
- Transcribing agency: JO-AjAnu
150 ## - HEADING--TOPICAL TERM
- Topical term or geographic name entry element: الصحوة الاسلامية- الدعوة الاسلامية- الوعظ والارشاد- الاسلام- حركات الإحياء والإصلاح والتجديد
670 ## - SOURCE DATA FOUND
- Source citation: Work cat.: (JO-AjAnu)5368: القرضاوي، يوسف, author 10426, الصحوة الإسلامية بين الإختلاف المشروع والتفرق المذموم: دراسة في فقه الإختلاف في ضوء النصوص والمقاصد الشرعية